| 000 | 00365nam a22001457a 4500 | ||
|---|---|---|---|
| 020 | _a978-0-86715-677-5 | ||
| 082 | _a617.6342,B15S | ||
| 100 | _aSCHWARTZ,RICHARD.W. | ||
| 245 | _aBEST PRACTICES IN ENDODONTICS :A DESK REFERENCE | ||
| 250 | _a1ST | ||
| 260 |
_aCHICAGO _bQUINTESSENCE PUBLISHING _c2015 |
||
| 300 | _a353 | ||
| 650 | _aCONSERVATIVE | ||
| 942 |
_2ddc _cBK |
||
| 999 |
_c9867 _d9867 |
||